Guess The American Brands! #8 - Statistics

General Stats
  • This quiz has been taken 42 times
  • The average score is 14 of 20
Answer Stats
Picture Answer % Correct
American Express
97%
Bud Light
97%
Dove
97%
Playboy
95%
Fortnite
89%
New Balance
89%
UPS
86%
Champion
84%
Chicago Bulls
84%
Pampers
81%
Discord
70%
Marlboro
68%
Mortal Kombat
68%
Hilton
65%
Budweiser
57%
Duracell
54%
Sheraton
49%
MSN
46%
Amtrak
35%
UBER
32%
No matching quizzes found
Score Distribution
Percent of People with Each Score
Percentile by Number Answered
Your Score History
You have not taken this quiz